<?xml version="1.0" encoding="UTF-8"?><?xml-stylesheet type="text/xsl" href="static/style.xsl"?><OAI-PMH xmlns="http://www.openarchives.org/OAI/2.0/" xmlns:xsi="http://www.w3.org/2001/XMLSchema-instance" xsi:schemaLocation="http://www.openarchives.org/OAI/2.0/ http://www.openarchives.org/OAI/2.0/OAI-PMH.xsd"><responseDate>2026-04-27T20:16:09Z</responseDate><request verb="GetRecord" identifier="oai:uvadoc.uva.es:10324/36582" metadataPrefix="marc">https://uvadoc.uva.es/oai/request</request><GetRecord><record><header><identifier>oai:uvadoc.uva.es:10324/36582</identifier><datestamp>2021-06-29T23:46:16Z</datestamp><setSpec>com_10324_38</setSpec><setSpec>col_10324_852</setSpec></header><metadata><record xmlns="http://www.loc.gov/MARC21/slim" xmlns:doc="http://www.lyncode.com/xoai" xmlns:xsi="http://www.w3.org/2001/XMLSchema-instance" xmlns:dcterms="http://purl.org/dc/terms/" xsi:schemaLocation="http://www.loc.gov/MARC21/slim http://www.loc.gov/standards/marcxml/schema/MARC21slim.xsd">
<leader>00925njm 22002777a 4500</leader>
<datafield tag="042" ind1=" " ind2=" ">
<subfield code="a">dc</subfield>
</datafield>
<datafield tag="720" ind1=" " ind2=" ">
<subfield code="a">Lobo de Diego, Rocío</subfield>
<subfield code="e">author</subfield>
</datafield>
<datafield tag="260" ind1=" " ind2=" ">
<subfield code="c">2019</subfield>
</datafield>
<datafield tag="520" ind1=" " ind2=" ">
<subfield code="a">Este Trabajo de Fin de Grado pretende dar a conocer el recurso innovador y motivador que es la luz negra y ver su viabilidad a edades tempranas, donde, la expresión corporal es un factor importante. En el documento aparecerá el marco teórico con una revisión bibliográfica de la expresión corporal y de la luz negra. A continuación, se muestra el diseño de dicha Unidad Didáctica con su respetiva justificación, metodología y temporalización. Además, esta Unidad Didáctica se ha desarrollado con el segundo ciclo de Educación Infantil en un centro público de Segovia mediante ocho sesiones y, se basa en la metodología de las 3E (elaboración, exploración y exposición) de Sánchez y Coterón. Finalmente, aparecerán los resultados obtenidos por medio de diferentes instrumentos de evaluación y las conclusiones para dar coherencia al trabajo.</subfield>
</datafield>
<datafield tag="024" ind2=" " ind1="8">
<subfield code="a">http://uvadoc.uva.es/handle/10324/36582</subfield>
</datafield>
<datafield tag="245" ind1="0" ind2="0">
<subfield code="a">La expresión corporal a través de la luz negra en Educación Infantil</subfield>
</datafield>
</record></metadata></record></GetRecord></OAI-PMH>